Every UFC Champion - Statistics

General Stats
  • This quiz has been taken 22 times
  • The average score is 98 of 236
Answer Stats
Hint Answer % Correct
M Anderson Silva
92%
F | L | interim F Conor McGregor
92%
W | interim W Georges St-Pierre
92%
M | interim M Israel Adesanya
92%
H | LH | interim LHW Jon Jones
92%
L Khabib Nurmagomedov
92%
F Alexander Volkanovski
85%
LH | M Alex Pereira
85%
H | LH Daniel Cormier
85%
Flyweight | UFC 152 Demetrious Johnson
85%
L | W Islam Makhachev
85%
B Sean O Malley
85%
M Sean Strickland
85%
BMF | L Charles Oliveira
77%
B | Fly Henry Cejudo
77%
F | L Ilia Topuria
77%
Featherweight | interim F Jose Aldo
77%
TUF 39 | W Kamaru Usman
77%
M Khamzat Chimaev
77%
BMF | F | interim L Max Holloway
77%
B | interim B Petr Yan
77%
H Stipe Miocic
77%
H | interim HW Tom Aspinall
77%
Fly Alexandre Pantoja
69%
B Aljamain Sterling
69%
WB | WF Amanda Nunes
69%
UFC 41 Bj Penn
69%
L | W BJ Penn
69%
H Brock Lesnar
69%
H Cain Velasquez
69%
interim HW Ciryl Gane
69%
Bantamweight Dominick Cruz
69%
M Dricus Du Plessis
69%
interim L Dustin Poirier
69%
H Francis Ngannou
69%
Fly Joshua Van
69%
W Leon Edwards
69%
M Luke Rockhold
69%
B Merab Dvalishvili
69%
M | TUF 3 Michael Bisping
69%
UFC 1, 2, 4 Royce Gracie
69%
B TJ Dillashaw
69%
B Cody Garbrandt
62%
L Eddie Alvarez
62%
W Jack Della Maddalena
62%
LH Jiri Prochazka
62%
BMF Jorge Masvidal
62%
H Junior Dos Santos
62%
TUF 57 Mohammed Usman
62%
TUF 5 Nate DIaz
62%
WS Zhang Weili
62%
W Belal Muhammad
54%
LH Carlos Ulberg
54%
LH Chuck Liddell
54%
H | interim HW Fabricio Werdum
54%
LH Jamahal Hill
54%
LH Lyoto Machida
54%
LH Magomed Ankalaev
54%
W Matt Hughes
54%
L Rafael Dos Anjos
54%
H | LH | interim LHW Randy Couture
54%
M | TUF 23 | interim M Robert Whittaker
54%
W Bantamweight Ronda Rousey
54%
WS Rose Namajunas
54%
LH Shogun Rua
54%
W Tyron Woodley
54%
WFly Valentina Shevchenko
54%
L Benson Henderson
46%
WF Chris Cyborg
46%
M Chris Weidman
46%
UFC 17 Dan Henderson
46%
Fly Deiveson Figueiredo
46%
L Frankie Edgar
46%
H | interim HW Frank Mir
46%
Light heavyweight Frank Shamrock
46%
LH Glover Teixeira
46%
WB Holly Holm
46%
BMF | interim L Justin Gaethje
46%
Wb Kayla Harrison
46%
WS Mackenzie Dern
46%
TUF 4 | W Matt Serra
46%
LH | TUF 2 Rashad Evans
46%
W Robbie Lawler
46%
LH Tito Ortiz
46%
TUF 15 | interim L Tony Ferguson
46%
WFly Alexa Grasso
38%
L Anthony Pettis
38%
Fly | Interim Fly Brandon Moreno
38%
interim W Colby Covington
38%
UFC 8, 11.5 Don Frye
38%
LH | TUF 1 Forrest Griffin
38%
LH Jan Blachowicz
38%
WS Joanna Jedrzejczyk
38%
Pancrase | SuperFight Ken Shamrock
38%
UFC 14 Kevin Jackson
38%
Heavyweight | UFC 10, 11 Mark Coleman
38%
LH Quinton Jackson
38%
B | interim Fly Renan Barao
38%
M Rich Franklin
38%
LH | UFC 12 Vitor Belfort
38%
H | interim HW Andrei Arlovski
31%
interim W Carlos Condit
31%
Lightweight Jens Pulver
31%
W Johny Hendricks
31%
TUF 58 Juliana Miller
31%
TUF 27 | WB Juliana Pena
31%
H | UFC 20 Kevin Randleman
31%
H Maurice Smith
31%
WB Miesha Tate
31%
UFC 16 | Welterweight Pat Miletich
31%
TUF 12 Roy Nelson
31%
TUF 37 | interim F Yair Rodriguez
31%
H Bas Rutten
23%
TUF 38 | W Strawweight Carla Esparza
23%
TUF 21 Colton Smith
23%
SuperFight | UFC 5, 7.5 Dan Severn
23%
TUF 25 Leonardo Santos
23%
TUF 60 Marion Santos
23%
WB Raquel Pennington
23%
H Ricco Rodriguez
23%
LW Sean Sherk
23%
interim HW Shane Carwin
23%
H Tim Sylvia
23%
TUF 46 Andrew Sanchez
15%
Interim HW Antonio Rodrigo Nogueira
15%
W Carlos Newton
15%
TUF 1 Diego Sanchez
15%
W Featherweight Germaine De Randamie
15%
TUF 49 Jesse Taylor
15%
UFC Japan Kazushi Sakuraba
15%
TUF 24 Kelvin Gastelum
15%
UFC 14, 15 Mark Kerr
15%
M Murilo Bustamante
15%
TUF 8 Ryan Bader
15%
TUF 51 Brad Katona
8%
UFC 41 Caol Uno
8%
TUF 35 Corey Anderson
8%
TUF 13 Court Mcgee
8%
Middleweight Dave Menne
8%
TUF 34 Eddie Gordon
8%
TUF 43 Erick Montano
8%
M Evan Tanner
8%
UFC 13 Guy Mezger
8%
UFC 12 Jerry Bohlander
8%
WS Jessica Andrade
8%
TUF 2 Joe Stevenson
8%
TUF 16 John Dodson
8%
TUF 14 Jonathan Brookins
8%
H Josh Barnett
8%
TUF 3 Kendall Grove
8%
Ufc 23 Kenichi Yamamoto
8%
UFC 7 Marco Ruas
8%
TUF 50 | W Flyweight Nicco Montano
8%
TUF 22 Norman Parke
8%
UFC 6 Oleg Taktarov
8%
TUF 19 Rony Jason
8%
TUF 10 Ross Pearson
8%
TUF 44 Ryan Hall
8%
UFC 3 Steve Jennum
8%
TUF 45 Tatiana Suarez
8%
TUF 48 Tim Elliot
8%
TUF 4 Travis Lutter
8%
TUF 32 Warlley Alves
8%
TUF 36 Alejandro Perez
0%
TUF 7 Amir Sadollah
0%
TUF 33 Antonio Carlos Junior
0%
TUF 56 Bryan Battle
0%
TUF 20 Cezar Ferreira
0%
TUF 30 Chad Laprise
0%
TUF 26 Chris Holdsworth
0%
TUF 63 Daniil Donchenko
0%
TUF 17 Diego Brandao
0%
TUF 9 Efrain Escudero
0%
TUF 31 Elias Theodoru
0%
TUF 42 Enrique Barzola
0%
TUF 41 Glaico Franca
0%
TUF 11 James Wilks
0%
TUF 62 Joseph Morales
0%
TUF 53 Juan Espino
0%
TUF 59 Kurt Holobaugh
0%
TUF 6 Mac Danzig
0%
TUF 54 Macy Chiasson
0%
TUF 47 Martin Bravo
0%
TUF 18 Michael Chiesa
0%
TUF 52 Michael Trizano
0%
TUF 29 Ning Guangyou
0%
TUF 40 Reginaldo Vieira
0%
TUF 55 Ricky Turcios
0%
TUF 61 Ryan Loder
0%
TUF 28 Zhang Lipeng
0%
No matching quizzes found
Score Distribution
Percent of People with Each Score
Percentile by Number Answered
Your Score History
You have not taken this quiz